| 000 | 00372nam a22001577a 4500 | ||
|---|---|---|---|
| 005 | 20180412160455.0 | ||
| 008 | 160624b xxu||||| |||| 00| 0 eng d | ||
| 041 | _aeng | ||
| 082 |
_b9777 _a348 |
||
| 100 |
_aShukla, T.N. _9480 |
||
| 245 | _aWorksmen's Compansation Act. 1923 | ||
| 260 |
_bBooks & Books _c2009 |
||
| 300 | _a100 | ||
| 650 |
_aManagement _9241 |
||
| 942 | _cBK | ||
| 999 |
_c3808 _d3807 |
||